[Event "Beersheba-Peterburg Kings m"]
[Site "St Petersburg"]
[Date "1999.06.14"]
[Round "9"]
[White "Mikhalevski, Victor"]
[Black "Lugovoi, Aleksei"]
[Result "1/2-1/2"]
[WhiteElo "2531"]
[BlackElo "2510"]
[Annotator "Ribli,Z"]
[PlyCount "88"]
[EventDate "1999.06.??"]
[EventType "schev"]
[EventRounds "10"]
[EventCountry "RUS"]
[SourceTitle "CBM 072"]
[Source "ChessBase"]
[SourceDate "1999.10.01"]
[SourceVersion "1"]
[SourceVersionDate "1999.10.01"]
[SourceQuality "1"]

{[%mdl 288]} 1. d4 Nf6 2. c4 e6 3. g3 d5 4. Bg2 Bb4+ {Dieser Zug führt
eigentlich zur Geschlossenen Variante der Katalanischen Eröffnung. Der einzige
Unterschied ist, daß Weiss nach 5.Bd2 nicht mehr die Varianten mit b2-b3 und
Bb2 spielen kann. Ribli.} 5. Bd2 Be7 6. Nf3 O-O 7. O-O c6 (7... dxc4 $6 8. Qc2
$14 {Nach 8...b5? geht 9.a4 c6 10.axb5 cxb5 11.Ng5! mit Materialgewinn, denn
11...Nd5 geht nicht wegen 12.Qh7# und nach 8...a6 9.Qxc4 b5 10.Qc2 hat Weiss
das Extratempo Bd2.}) 8. Qc2 Nbd7 9. Bf4 {Der Läufer kann sich nicht mit
b3-Bb2 entwickeln, daher ist dies die beste Möglichkeit.} b6 {Schwarz hat
keine Angst vor weissen Aktivitäten in der c-Linie und möchte die Entwicklung
des Damenflügels beenden.} (9... Nh5 {Dieser Zug ist relativ populär in der
Turnierpraxis.} 10. Bc1 f5 (10... Nhf6 11. b3 $14)) 10. cxd5 (10. Ne5 Bb7 11.
cxd5 (11. Nc3 $6 Nxe5 12. dxe5 Nd7 $13) 11... Nxe5 12. d6 $5 Ng6 13. dxe7 Qxe7
14. Bg5 $14) 10... cxd5 11. Rc1 {[%cal Gc1c8] Die Bauernstellung ist
symmetrisch und Weiss hat Initiative am Damenflügel.} (11. Qc6 Ba6 12. Nc3 Qc8
13. Qa4 b5 $5 $146 (13... Qc4 14. Qxc4 Bxc4 15. Rfc1) 14. Nxb5 Qc6 15. Nc3 Qxa4
16. Nxa4 Bxe2 17. Rfc1 Rfc8 18. Nd2 Bb5 19. Nc3 Bd3 20. Bf1 Bxf1 21. Kxf1 Ne8
22. Na4 g5 23. Be3 Nd6 24. Ke2 f6 $10 {Nogueiras,J-Browne,W/Linares N.L. 1994/
Inf 62 (24)}) (11. Bc7 Qe8 12. Rc1 Bb7 13. Nc3 Rc8 14. Nb5 Nc5 15. a4 Na6 16.
Qb3 Nxc7 17. Nxc7 Qd8 18. Nb5 a6 19. Nc3 Nd7 20. e3 {1/2-1/2 Illescas ,
M-Jussupow,A/Moscow 1994/EXP 44 (20)}) 11... Ba6 {Der Läufer steht auf a6
aktiver, aber die sichere Alternative 11...Bb7 ist auch gut spielbar.} (11...
Bb7 12. Nc3 Rc8 13. Qd1 (13. Qb3 a6 14. Ne5 Nxe5 15. Bxe5 Nd7 16. Bf4 Rc4 17.
Qd1 Qa8 18. Rc2 b5 {1/2-1/2 Adianto,U-Gurevich,M/Jakarta 1996/CBM 56 (34)})
13... Ne8 14. Rc2 g5 15. Bd2 Nd6 16. Rac1 f6 17. Ne1 f5 18. Nd3 Re8 19. Nb1
Rxc2 20. Rxc2 Qb8 21. Qc1 h6 22. Bb4 Rc8 $11 {Andersson,U-Bareev,E/Ubeda 1997/
Inf 69 (22)}) 12. Nc3 b5 $6 {Dieser Zug gefällt mir nicht. Schwarz spielt ohne
ausreichenden positionellen Grund aggressiv. Das Manöver ...Qc8, ...Qb7 mit
der Idee ...Rac8 wirkt natürlicher.} (12... Qc8 13. Ne5 Qb7 14. e4 Rac8 15.
exd5 Nxe5 16. Bxe5 Nxd5 17. Qd2 Qd7 18. Nxd5 exd5 19. h4 Rxc1+ 20. Rxc1 Rc8 21.
Rxc8+ Bxc8 22. Qc3 Bb7 {1/2-1/2 Khalifman,A-Janjgava,L/Riga 1988/EXT 99 (41)})
13. a4 $1 $14 Qb6 (13... b4 14. Nb5 $14 {[%csl Yc7]}) (13... bxa4 $6 14. Qxa4
Bb7 15. Nb5 $16) 14. axb5 Bxb5 15. Nxb5 Qxb5 16. Bf1 {[%cal Gf1b5,Ge2e4] Weiss
besitzt das Läuferpaar und die Herrschafft über die c-Linie.} a5 17. Qc7 {
[%csl Gc7]} (17. e3 $14 {[%cal Gf1a6]}) (17. e4 $6 Qb7 18. e5 Ne4 $13) 17...
Bd8 (17... Qxb2 $4 18. Rcb1 $18 {[%csl Rb2]}) 18. Qc6 Qxc6 19. Rxc6 {[%csl Gc6]
Das weisse Figurenspiel ist aktiv, denn der Turm steht gut auf c6. Schwarz hat
keine besonderen Schwächen, steht aber etwas passiv.} Bb6 20. Bd2 {[%cal Gd2a5]
Weiss möchte e2-e3 ziehen, aber in diesem Fall wäre der f4-Läufer ausgesperrt.}
(20. Rac1 $14) 20... Ne4 21. Be1 {Weiss lässt sich natürlich nicht den Läufer
tauschen.} Rfb8 22. e3 {[%cal Ge1a5,Gf1b5]} Bd8 {[%cal Rb8b2]} 23. Ra2 a4 24.
Bd3 g5 $6 {[%cal Gg5g4] Die schwächt den Königsflügel und mobilisiert seine
Reserven. Meines Erachtens wäre ein neutraler Wartezug besser.} 25. h3 Ba5 26.
Kf1 (26. Bxa5 Rxa5 27. Rc7 $16 {[%cal Gc7h7]}) (26. Rxa4 $2 Bxe1 27. Rxa8 Bxf2+
$1 $17) 26... Bxe1 27. Kxe1 {[%csl Ge1] Der weisse König nähert sich den
Hauptereignissen.} Rb7 {Schwarz verteidigt die 7. Reihe.} (27... h6 28. Rc7 $16
) 28. Nd2 Nef6 (28... Nxd2 29. Kxd2 $14) 29. Kd1 (29. b3 Rba7 30. b4 Rb7 31. b5
Nb6 $11) 29... e5 (29... Kg7 $14) 30. Bf5 {[%csl Gf5] Die Läufer auf f5 ist
sehr unangenehm für Schwarz.} (30. Ba6 $5) 30... exd4 31. exd4 Rb6 32. Rc7 (32.
Bxd7 Nxd7 33. Rc7 Nf6 $14) 32... Nf8 33. Nf3 {[%cal Rf3g5,Gf3e5,Ge5f7]} Rb4 (
33... h6 34. Ne5 {[%csl Ge5]} Ne6 35. Bxe6 Rxe6 36. Nxf7 Ne4 $132) 34. Kc2 (34.
Nxg5 $5 Rxd4+ 35. Ke2 $16) 34... h6 35. Ne5 Ne6 (35... Ne8 36. Rc3 (36. Rxf7
Nd6 {[%cal Rd6f7,Rd6f5]} 37. Rf6 Nxf5 38. Rxf5 Ne6 $11 {[%csl Rd4][%cal Re6d4,
Rd4c2,Rd4f5]}) 36... Nd6 $14) 36. Bxe6 fxe6 37. Nc6 (37. Nf7 Rxd4 38. Nxh6+ Kf8
39. Kc3 (39. Rf7+ $2 Ke8 40. Rxf6 Rc8+ 41. Kb1 Rd1#) 39... e5 $132) 37... Rc4+
$11 {[%cal Gc4c7]} 38. Kd3 Ne8 39. Ne7+ Kf7 40. Rd7 (40. Rxc4 $4 dxc4+ $19)
40... Rc7 (40... Kf6 $11 {Weiss kann, wenn er will, mit 41.Ng8+ Kg6 42.Ne7+
die Züge wiederholen.}) 41. Rxc7 Nxc7 42. Nc6 {[%csl Ye5][%cal Gc6e5]} Nb5 43.
Ne5+ {Der Springer steht ausgezeichnet auf e5, aber das hat keine grosse
Bedeutung. Die Stellung ist gleich.} Ke7 44. g4 a3 (44... a3 45. bxa3 (45. b3
$2 Rc8 $17) 45... Rxa3+ 46. Rxa3 Nxa3 $11) 1/2-1/2

[Event "YUG-ch 55th"]
[Site "Subotica"]
[Date "2000.03.17"]
[Round "2"]
[White "Tosic, Miroslav"]
[Black "Kalezic, Blazo"]
[Result "1-0"]
[WhiteElo "2503"]
[BlackElo "2403"]
[Annotator "Ribli,Z"]
[PlyCount "79"]
[EventDate "2000.03.16"]
[EventType "tourn"]
[EventRounds "15"]
[EventCountry "YUG"]
[EventCategory "10"]
[SourceTitle "CBM 076"]
[Source "ChessBase"]
[SourceDate "2000.05.31"]
[SourceVersion "1"]
[SourceVersionDate "2000.05.31"]
[SourceQuality "1"]

1. d4 e6 {Das ist eine Einladung zur Französischen Verteidigung.} 2. Nf3 d5 3.
g3 Nf6 4. Bg2 Be7 5. O-O Nbd7 6. b3 (6. c4 dxc4 $6 7. Nfd2 (7. Nbd2 $14) 7...
Nb6 8. Nxc4 Nxc4 9. Qa4+ Nd7 10. Qxc4 $14) 6... O-O 7. c4 c6 8. Qc2 {Das ist
der traditionelle Aufbau gegen die geschlossene Variante, aber Weiß kann sich
den Damenzug auch sparen.} (8. Bb2 b6 9. Nc3 Ba6 10. a4 $5) 8... b6 9. Nc3 Ba6
10. Rd1 {Das ist eigentlich ein Bauernopfer.} (10. Nd2) 10... Rc8 {Dieser Zug
ist nicht schlecht, aber die prinzipielle Antwort wäre die Annahme des
Bauernopfers.} (10... dxc4 $5 11. bxc4 Bxc4 12. Ne5 (12. Bg5 Nd5 (12... Ba6 $1
13. Ne5 Nxe5 14. dxe5 Nd5 15. Bxe7 Qxe7 16. Ne4 c5 17. Nd6 Bb7 $15) 13. Ne4 Ba6
14. Bxe7 Qxe7 15. Neg5 {1/2-1/2 Illescas Cordoba,M-Yusupov,A/Madrid 1995/Inf
63/[Illescas Cordoba,M] (28)}) (12. Nd2 Ba6 13. Bxc6 Rc8 14. Bf3 Nd5 15. Bb2
Bb4 $15) 12... Nxe5 13. dxe5 Nd5 14. Bb2 b5 15. Ne4 Re8 16. Nd6 Bxd6 17. exd6
Qxd6 18. e4 Nb4 19. Qc3 Qf8 20. a3 Na6 21. a4 Nb4 22. Rd7 a5 23. Rad1 e5 {
0-1 Poldauf,D-Hansen,L/Luebeck GER 2000 (34)}) 11. e4 dxc4 12. Bf4 $146 {
Weiß hat keine Angst vor 12...axb3 13.axb3, denn da der Ba6 und der Pa7 hängt,
gewinnt er das Material zurück und bekommt das bessere Spiel.} (12. bxc4 Bxc4
13. e5 Ne8 14. Ne4 Bd5 15. Neg5 g6 16. h4 c5 17. h5 cxd4 18. Qb1 Ng7 19. hxg6
fxg6 20. Rxd4 Qc7 21. Rh4 Bxf3 22. Rxh7 Qxc1+ 23. Qxc1 Rxc1+ 24. Rxc1 Bxg5 25.
Rxg7+ Kxg7 26. Rc7 Bxg2 {0-1 Devcic,D-Rogic,D/Pula 1999/EXT 2000 (26)}) (12.
Ne5 Nxe5 13. dxe5 Nd7 14. bxc4 Qc7 15. Ne2 Nxe5 {0-1 Zimmerman,Y-Kotan,L/
Budapest 1999/CBM 71 ext (42)}) (12. e5 Nd5 13. bxc4 Bxc4 14. Ne4 b5 15. Neg5
g6 16. h4 c5 17. Qd2 cxd4 18. Nxh7 Kxh7 19. Qh6+ Kg8 20. h5 {1-0 Kozul,Z-Boric,
M/Sarajevo 1998/CBM 64 ext (33)}) 12... b5 (12... Bb4 $5 13. Nd2 $13) (12...
Ra8 {Schwarz bereitet den Zug 13...axb3 vor. Im Fall von 14.axb3 verteidigt er
den Pa7.} 13. Qe2 $44) 13. bxc4 bxc4 14. Qa4 (14. Rab1 $5) 14... Bb5 15. Nxb5
$5 {Mit diesem Tausch opfert Weiß seinen Pe4, aktiviert dadurch aber seine
Figuren.} (15. Qxa7 Bb4 $13) 15... cxb5 16. Qxb5 Nxe4 17. Rac1 $44 {Weiß
besitzt etwas Initiative für den Bauern, aber ich bin mir nicht ganz sicher,
dass das ausreichend ist.} Nb6 $6 (17... Ndf6 $5 {Nach diesem Zug steht
Schwarz keineswegs schlechter - er hat einen Mehrbauern, und alles in seiner
Stellung ist verteidigt. Hier scheint mir die weiße Kompensation fraglich.} 18.
Rxc4 $2 Nc3 $19) 18. Ne5 {[%csl Yc6]} Nd6 $6 (18... f5 $5) (18... Qd5 $5) 19.
Qa6 Rc7 20. Nc6 {[%csl Gc6]} Qd7 21. d5 $1 {Weiß hat starkes Figurenspiel im
Zentrum.} exd5 22. Nxe7+ Qxe7 23. Bxd5 $36 {[%csl Gd5,Gf4][%mdl 2048] Weiß hat
einen Bauern weniger, steht aber keineswegs schlechter - sein Läuferpaar ist
aktiv. Jetzt droht z.B. 24.Bxd6 Qxd6 25.Bxf7+ mit Gewinn.} Rd7 (23... Nxd5 $4
24. Bxd6 $18) (23... Rd8) 24. Re1 Qf6 25. Bc6 Rc7 (25... Re7 $5) 26. Bg2 Re7
27. a4 {Weiß mobilisiert seine Reserven - es droht 28.a5 und der zuvor sichere
Nb6 muss sein Feld räumen.} Nf5 (27... Rfe8 $5) 28. Rxe7 Qxe7 29. a5 Qa3 $2 (
29... Nd4 $1 30. axb6 Ne2+ 31. Kf1 Nxc1 32. Qxc4 (32. Bxc1 axb6 33. Ba3 Qd7
$132) 32... axb6 33. Bxc1 $14 {Theoretisch steht Weiß etwas besser, weil das
Läuferpaar stärker ist als Turm und Bauer. Dennoch glaube ich, dass Schwarz
seine Stellung erfolgreich verteidigen kann.}) (29... Nd7 30. Qxa7 $14) 30.
Qxa7 {Jetzt hat Weiß das materielle Gleichgewicht wiederhergestellt. Außerdem
ist sein a-Bauer dank der Unterstützung durch das Läuferpaar sehr stark.} Nc8
31. Qc7 Ncd6 (31... Nfd6 32. Bh3 $16 (32. Bd5 $16)) 32. Bd5 Nb5 33. Qxc4 (33.
Bxf7+ $1 Rxf7 34. Qc8+ Rf8 35. Qxc4+ Kh8 36. Qxb5 Nd4 37. Qc5 $18) 33... Qxa5 {
[#]} 34. Bxf7+ $1 $16 {[%mdl 64] Mit diesem schönen Zug gewinnt Weiß einen
wichtigen Bauern. Schwarz hat große Probleme bei der Koordination seiner
Figuren.} Kh8 (34... Rxf7 35. Qc8+ Rf8 36. Qe6+ Kh8 37. Qxf5 Qb4 (37... Re8 38.
Qe5 Rd8 39. Rb1 $18) 38. Rc8 $18) 35. Qc5 Qd8 36. Bg5 $138 {Das sofortige
Schlagen des Nf5 wäre einfacher.} (36. Qxf5 $18) 36... Qb8 37. Bf4 Qd8 (37...
Nfd6 38. Rb1 Qd8 39. Be6 Re8 40. Bh3 $16) 38. Qxf5 $18 Nd4 39. Qg4 Qa8 40. Bh5
{Schwarz gab auf - er hat eine Figur und einen Bauern weniger.} 1-0

[Event "RUS-Cup03 Geller Memorial"]
[Site "Moscow"]
[Date "1999.02.07"]
[Round "6"]
[White "Chekhov, Valery A"]
[Black "Kulikov, Aleksandr"]
[Result "1/2-1/2"]
[WhiteElo "2511"]
[BlackElo "2405"]
[Annotator "Ribli,Z"]
[PlyCount "122"]
[EventDate "1999.02.10"]
[EventType "swiss"]
[EventRounds "9"]
[EventCountry "RUS"]
[SourceTitle "CBM 070"]
[Source "ChessBase"]
[SourceDate "1999.06.08"]
[SourceVersion "1"]
[SourceVersionDate "1999.06.08"]
[SourceQuality "1"]

{[%mdl 8224]} 1. d4 d5 2. c4 c6 3. Nf3 Nf6 4. Qc2 e6 {Die Partiefortsetzung
ist nicht schlecht, aber in dieser konkreten Stellung ist es besser, auf c4 zu
nehmen, wonach Schwarz Ausgleich bekommt. Mit dem Textzug gerät Schwarz in
eine etwas passive Stellung. Ribli.} (4... dxc4 $5 5. Qxc4 Bf5 6. Nc3 e6 7. g3
Nbd7 8. Bg2 Be7 9. O-O O-O $11) (4... g6 $5) 5. g3 b6 6. Bg2 Bb7 7. O-O Nbd7 8.
Nc3 Be7 9. Rd1 O-O 10. b3 Rc8 {Mit Zugumstellung wir haben eine Grundstellung
der geschlossene Variante der Katalanischen Eröffnung erreicht.} 11. e4 {
Nach diesem Zug hat Weiß etwas bessere Chancen wegen des Übergewichtes im
Zentrum.} dxe4 (11... c5) 12. Nxe4 (12. Ng5 $5) 12... c5 (12... Nxe4 13. Qxe4
Nf6 14. Qc2 $14) 13. Nxf6+ Bxf6 14. Ng5 $5 {[%cal Rg2b7,Rc2h7]} (14. Bb2 cxd4
15. Bxd4 Qc7 16. Bxf6 Nxf6 $11) 14... Bxg5 15. Bxb7 Rc7 16. Be4 {Die
Alternative erscheint mir einfacher, wenngleich die Partiefortsetzung auch gut
ist.} (16. dxc5 $5 Bxc1 17. Raxc1 Rxb7 18. c6 Rc7 19. cxd7 Rxd7 20. Rxd7 Qxd7
21. Rd1 $14 {[%csl Ga2,Gb3,Gc4,Gd1] Weiß hat Endspielvorteil, denn seine
Bauernmehrheit ist leicht zu mobilisieren und er kontrolliert die einzige
offene Linie.}) 16... h6 (16... f5 17. Bg2 Bxc1 (17... Bf6 18. Bb2 cxd4 19.
Bxd4 e5 20. Bb2 e4 21. Rd5 Bxb2 22. Qxb2 Qe7 23. Rad1 g6 24. Qd4 Nf6 25. Rd6
Kg7 26. f3 exf3 27. Bxf3 {1-0 Cvitan,O-Nikolic,N/JUG 1991/TD (58)}) (17... cxd4
18. Bxg5 Qxg5 19. Rxd4 e5 20. Rd5 (20. Qd2 Qe7 21. Rd6 e4 22. Qd5+ Kh8 23. Rd1
Nf6 24. Qe6 Qxe6 25. Rxe6 Kg8 26. f3 Kf7 27. Re5 exf3 28. Bxf3 {1-0 Lependin,
A-Golod,I/St.Petersburg 1993/EXT 97 (57)}) 20... Qe7 21. Re1 Rc5 (21... g6 22.
Qd2 $6 {1-0 Epishin,V-Belotti,B/Reggio Emilia 1996/CBM 51/[Cifuentes] (50)} (
22. Qc3 $1 $14)) 22. Qd2 Rc7 23. Qc3 Rc5 24. Qd4 Rc7 25. Rd6 Rf6 26. Qd5+ Kh8
27. Rxf6 gxf6 28. Qf3 {1-0 Horvath,J-Kroencke,M/Velden 1994/TD (41)}) 18. Raxc1
Qf6 19. dxc5 Nxc5 20. b4 Nd7 21. f4 e5 22. Qa4 Nb8 23. fxe5 Qxe5 24. Bd5+ {
1-0 Matveeva,S-Trabert,B/Tuzla 1987/EXT 97 (39)}) 17. d5 $146 {Dieser Zug war
Bronsteins Vorschlag nach seiner Partie gegen Ciric. Weiß strebt eine
symmetrische Stellung mit besserem Figurenspiel an.} (17. dxc5 bxc5 18. Bb2 Bf6
(18... Qe7 19. Rd3 Rd8 20. Rad1 Rcc8 21. Ba3 Qe8 22. Bb7 Rc7 23. Ba6 Ne5 24.
Rxd8 Bxd8 25. Bb5 {1-0 Nesterov,J-Boguslawsky,M/Protvino 1992/EXT 97 (65)}) 19.
Rd6 Bxb2 20. Qxb2 Qf6 21. Qxf6 Nxf6 22. Bf3 Rfc8 23. Rad1 {1/2-1/2 Bronstein,
D-Ciric,D/Sarajevo 1971/EXT 98 (50)}) 17... exd5 18. Bxd5 (18. cxd5 {Dies hat
auch seine Schattenseiten, wenn der Freibauer schwach wird.} Bxc1 (18... Nf6
19. Bxg5 hxg5 20. Bg2 Rd7 21. Qf5 g4 22. Rd2 $14) 19. Raxc1 Nf6 20. Bg2 Rd7 21.
Qc4 $14) 18... Bxc1 19. Raxc1 $14 {[%csl Gd5,Rd8][%cal Gd1d8] Weiß hat etwas
Aktivität in dieser symmetrischen Stellung, denn sein Läufer ist dem schwarzen
Springer überlegen.} Qf6 $6 (19... Re8 $5 {[%cal Ge8e1]}) (19... Nf6 $2 20.
Bxf7+ $18 {[%cal Rd1d8,Rf7g8]}) 20. Re1 {[%cal Ge1e8]} Nb8 {[%cal Gb8c6,Gc6d4]}
(20... Ne5 21. Qc3 $14 {[%cal Gc3f6]}) 21. Qc3 Qd8 (21... Qxc3 22. Rxc3 Nc6 23.
Bxc6 Rxc6 24. Re7 Ra8 25. Rd3 $16) (21... Nc6 22. Qxf6 gxf6 23. Bxc6 Rxc6 24.
Re7 $16) 22. Rcd1 {[%csl Rd8][%cal Gd1d8]} Rd7 23. Qf3 {[%csl Rb8,Gd5,Gf3]
[%cal Gf3a8] Weiß hat eine aktive Stellung. Der schwarze Springer steht passiv
auf b8 und hat einen weiten Weg bis d4 vor sich.} Rd6 {[%cal Gb8d7,Gd7f6]
Schwarz befreit das Feld d7 für den Springer, aber noch hätte Weiß Bxf7+.} 24.
Qf4 {[%cal Gf4d6] Jetzt droht 25.Bxf7+.} Kh8 25. Bf3 $1 (25. Rd2 Nc6 $132 {
[%cal Gd8d2]}) 25... Rxd1 26. Rxd1 Qe7 27. Kg2 {Weiß hat wegen der aktiveren
Figurenstellung die besseren Chancen, aber es ist nicht leicht, den Vorteil zu
vermehren.} Kg8 28. h4 Re8 29. Rd3 (29. Qd6 Qxd6 30. Rxd6 Kf8 $11 {[%cal Gf8e7]
}) 29... Na6 {[%cal Ga6c7,Gc7e6,Ge6d4]} 30. Bc6 Rc8 $2 (30... Rd8 $5 31. Rxd8+
Qxd8 32. Bd5 Qd7 {Später verteidigte sich Schwarz in der Partie so.}) 31. Rd7
Qe6 32. Rd6 Qe7 33. Rd7 ({[#]} 33. Rxh6 $1 Rd8 (33... Qc7 34. Qxc7 Rxc7 35. Rd6
Nb4 36. Rd8+ Kh7 37. Be4+ g6 38. a3 $16) (33... gxh6 34. Qg4+ {[%cal Rg4g8,
Rg4c8]} Kh7 35. Be4+ Kh8 36. Qxc8+ $18) 34. Rh5 $16) 33... Qe6 34. Rd6 Qe7 35.
a3 {Weiß ist natürlich mit Remis nicht zufrieden, findet aber die mögliche
kleine Kombination nicht.} (35. Rxh6 $1 $16) 35... Rd8 $1 {Es ist gut für
Schwarz, den aktiven weißen Turm zu tauschen.} 36. Rxd8+ Qxd8 37. Bd5 Qd7 38.
Qe5 {Auch nach Turmtausch hat Weiß die etwas besseren Chancen, denn er besitzt
die beweglichere Leichtfigur.} Nc7 39. Bf3 Kf8 (39... g6 40. h5 $14) 40. Qe4 {
[%cal Ge4b7,Ge4h7]} Ne6 41. Qa8+ (41. Qh7 Ke7 42. Bd5 Kf6) 41... Ke7 42. Bc6
Qc7 (42... Nc7 43. Qb7 Qd6 44. Bf3 a5 45. Bc6 $14) 43. Bd5 Kf6 44. Bxe6 {
Weiß hat nichts besseres, aber auch das Damenendspiel ist für ihn günstig.} (
44. b4 Nd4 $132 {[%csl Gd4]}) 44... Kxe6 (44... fxe6 45. f4 $14) 45. f4 f5 46.
b4 Qe7 (46... cxb4 $5 47. axb4 a5 $11 (47... Qxc4 $4 48. Qg8+ $18 {[%csl Rc4,
Re6][%cal Rg8c4]})) 47. bxc5 (47. b5 Kf6) 47... bxc5 48. Qd5+ Kf6 49. Kf2 h5
$11 {Die aktivere Damenstellung ist für Weiß zu wenig, Schwarz kann das
Gleichgewicht bewahren. In manchen Varianten kann Schwarz auch einen Bauern
geben, denn die weiße Königsstellung ist schwach.} 50. Qc6+ Kf7 51. a4 a5 $5 (
51... g6 52. a5 $11 {Weiß hat keine Drohungen.}) 52. Qb6 {Dieser Zug gewinnt
einen Bauern, aber Schwarz gibt dann Dauerschach.} Qd7 53. Qxc5 (53. Qxa5 Qd4+
$11) 53... Qd2+ 54. Kf3 Qd3+ 55. Kg2 (55. Qe3 Qxc4 $11) 55... Qe2+ 56. Qf2 (56.
Kg1 Qe1+ $11) 56... Qxc4 57. Qa7+ {[%cal Ra7a5,Ra7f7]} Kf6 58. Qb6+ (58. Qxa5
Qe2+ $11) 58... Qe6 59. Qd8+ Kf7 60. Qxa5 {Weiß hat einen Bauern gewonnen,
aber seine Königsstellung ist schwach.} Qe2+ 61. Kg1 Qe3+ {Und remis wegen
Dauerschach.} 1/2-1/2